000 00559nam a2200193Ia 4500
003 GCL
008 140319s9999 xx 000 0 eng d
040 _aGCL /
_cGCL
082 0 4 _a025.21
_bG C
100 1 _aMILLER, RUTH
245 1 0 _aCOLLECTION MANAGEMENT FOR THE 21th CENTRUY: A HANDBOOK FOR LIBRARIES /
_cMILLER, RUTH
700 1 _aGORMAN, G.E
260 _a[S.N] :
_bGREENWOOD PRESS PUBLISHERS ،
_c1997
300 _a339 P
650 0 4 _aLIBRARY SCIENCE
650 0 4 _aLIBRARY - ADMINISTRATION
650 0 4 _aCOLLECTION MANAGEMENT
942 _2ddc
_cBK
999 _c16452
_d16452